Východiská a perspektívy v riadení ľudí na Slovensku v digitálnej a post-pandemickej dobe

Uložené v:
Podrobná bibliografia
Hlavný autor: Stachová, Katarína
Ďalší autori: Blštáková, Jana, 1980-, Stacho, Zdenko, Potkány, Marek, Lukáč, Michal
Médium: Kniha
Jazyk:Slovak
Vydavateľské údaje: Praha Wolters Kluwer ČR 2021
Vydanie:1. vydanie
Predmet:
Tagy: Pridať tag
Žiadne tagy, Buďte prvý, kto otaguje tento záznam!

MARC

LEADER 00000nam a2200000 4500
001 0282405
005 20240502083908.5
020 |a 978-80-7676-239-8 
020 |a 978-80-7552-120-0 
041 0 |a slo 
044 |a CZ 
245 1 0 |a Východiská a perspektívy v riadení ľudí na Slovensku v digitálnej a post-pandemickej dobe  |c Katarína Stachová, Jana Blštáková, Zdenko Stacho ; recenzenti: Marek Potkány, Michal Lukáč 
250 |a 1. vydanie 
264 1 |a Praha  |b Wolters Kluwer ČR  |c 2021 
300 |a 145 s. [9 AH] 
610 2 0 |a riadenie ľudských zdrojov 
610 2 0 |a vedenie ľudí 
610 2 0 |a digitalizácia 
610 2 0 |a pandémia 
610 2 0 |a skúmanie štatistické 
610 2 0 |a Slovensko 
100 1 |a Stachová, Katarína 
700 1 |a Blštáková, Jana, 1980- 
700 1 |a Stacho, Zdenko 
700 1 |a Potkány, Marek 
700 1 |a Lukáč, Michal